Peníze v síti čili úskalí internetbankingu

Bezpečnosť internetového bankovníctva netreba podceňovať. Dobré a zlé internetové bankovníctvo. Spôsoby zabezpečenia internetového bankovníctva. Doporučenia pre používateľov.

Salvato in:
Dettagli Bibliografici
Autore principale: Zatloukal, Jiří
Natura: Capitolo di libro
Lingua:ceco
Soggetti:
Tags: Aggiungi Tag
Nessun Tag, puoi essere il primo ad aggiungerne!!

MARC

LEADER 00000naa$a2200000$$$4500
001 0071049
005 20230804110700.5
041 0 |a cze 
044 |a CZ 
245 1 0 |a Peníze v síti čili úskalí internetbankingu  |c Jiří Zatloukal 
520 |a Bezpečnosť internetového bankovníctva netreba podceňovať. Dobré a zlé internetové bankovníctvo. Spôsoby zabezpečenia internetového bankovníctva. Doporučenia pre používateľov. 
610 2 0 |a bankovníctvo elektronické 
610 2 0 |a internetbanking 
610 2 0 |a bezpečnosť 
100 1 |a Zatloukal, Jiří